Normal view
MARC view
- Kazim, Assad Ali
Entry Personal Name
001 - CONTROL NUMBER
- control field: 132917
003 - CONTROL NUMBER IDENTIFIER
- control field: NUST
005 - DATE AND TIME OF LATEST TRANSACTION
- control field: 20260126160439.0
008 - FIXED-LENGTH DATA ELEMENTS
- fixed length control field: 260126|| aca||aabn | a|a d
040 ## - CATALOGING SOURCE
- Original cataloging agency: NUST
- Transcribing agency: NUST
100 ## - HEADING--PERSONAL NAME
- Personal name: Kazim, Assad Ali
670 ## - SOURCE DATA FOUND
- Source citation: Work cat.: (NUST)615942: Kazim, Assad Ali , Development of Machine Learning Model for Classification of No Specific Chronic Lower Back Patients from Healthy Patients Usin Spinal Kinematic Data Through Motion Capture (MOCAP) /
